00742nam a2200217uu 4500001000800000005001700008008004100025035001200066040001300078041000800091080000600099100004200105245011900147260004300266300001800309650003800327650002400365700005300389700004100442700004100483101554120260507074616.0070213s1993 ||||||m| spa  a1015541 ccomduadb aspa aG10aOrtiz Alzate, Luis Fernando4auteaut10aEstudio de prefactibilidad técnico- económico para la producción de anhídrido maleico a partir de N-butano aMedellín :b[sin publicador],c1993. a320 páginas aAnhídrido maleico - Obtención aAnhídrido maleico10aRendón Restrepo, Hernando de Jesús4auteaut10aOcampo González, Aquiles4thseths10aSaldarriaga Molina, Carlos4thseths